Report from the Postmaster General in obedience to a resolution of the Senate relating to extra allowances made on contracts, curtailments of facilities in transportation of the mail, and expense of post routes under the Act of 15th June, 1832.

Bibliographic Details
Corporate Authors: United States. Post Office Department, ProQuest (Firm)
Format: eBook
Language:English
Published: Washington : [publisher not identified], 1834.
Series:United States congressional serial set.
Subjects:
Online Access:Connect to the full text of this electronic book

MARC

Tag First Indicator Second Indicator Subfields
LEADER 00000cam a22000001a 4500
001 in00002810732
005 20190331184628.0
006 m o d
007 cr un mmmapmmp
008 090210s1834 dcud o f000 0 eng d
035 |a cis2004315442 
040 |a UMI  |c UMI  |d UtOrBLW 
043 |a n-us--- 
099 |a ProQuest Serial Set Number 239 S.doc.138 
110 1 |a United States.  |b Post Office Department. 
245 1 0 |a Report from the Postmaster General in obedience to a resolution of the Senate relating to extra allowances made on contracts, curtailments of facilities in transportation of the mail, and expense of post routes under the Act of 15th June, 1832. 
246 1 |a Extra allowances on contracts, curtailment of facilities in transporting mail, and expenses of post routes 
264 1 |a Washington :  |b [publisher not identified],  |c 1834. 
300 |a 1 online resource. 
336 |a text  |b txt  |2 rdacontent 
337 |a computer  |b c  |2 rdamedia 
338 |a online resource  |b cr  |2 rdacarrier 
490 0 |a S.doc.138 
500 |a Record is based on bibliographic data in ProQuest U.S. Serial Set Digital Collection (last viewed Feb. 2009). Reuse except for individual research requires license from ProQuest, LLC. 
510 3 |a ProQuest U.S. Serial Set Digital Collection 
500 |a Electronic resource. 
650 0 |a Expenditures, Public. 
650 0 |a Postal service. 
650 0 |a Transportation. 
655 7 |a Electronic books.  |2 local 
710 2 |a ProQuest (Firm) 
830 0 |a United States congressional serial set. 
856 4 0 |u http://proxy.library.tamu.edu/login?url=http://congressional.proquest.com/congcomp/getdoc?SERIAL-SET-ID=239+S.doc.138  |z Connect to the full text of this electronic book  |t 0 
999 |a MARS 
999 f f |s 995079c0-50d8-3515-aa88-932fbc0264c9  |i b0796418-a148-3372-8d70-c09e516612de  |t 0 
952 f f |a Texas A&M University  |b College Station  |c Electronic Resources  |d Available Online  |t 0  |e ProQuest Serial Set Number 239 S.doc.138  |h Other scheme 
998 f f |a ProQuest Serial Set Number 239 S.doc.138  |t 0  |l Available Online